000 00327nam a2200133Ia 4500
008 240624s9999 xx 000 0 und d
041 _aeng
082 _a413 BIE
100 _aBIERCE AMBROSE
245 _aDEVIL S DICTIONARY
260 _c1993
_aNew Delhi
_bDover Publications Inc.
300 _a144 p. ; 17 cm.
365 _cRS
999 _c32458
_d32458